| 000 | 00538nam a2200181 i 4500 | ||
|---|---|---|---|
| 001 | 140381 | ||
| 003 | ES-MaACL | ||
| 005 | 20250918184521.0 | ||
| 007 | t| | ||
| 008 | 070214s1968 sp r ||||1| spa d | ||
| 100 | 1 |
_aSchwartz, Pedro. _9104874 |
|
| 245 | 1 | 3 |
_aLa `nueva economía política ` de John Stuart Mill / _cPedro Schwartz. |
| 260 |
_aMadrid : _bTecnos, _c1968. |
||
| 300 |
_a412 p., 1 lám. ; _c23 cm. |
||
| 600 | 1 | 4 |
_aMill, John Stuart, _d1806-1873 _981119 |
| 852 |
_aES-MaACL _jC-34932 _bR.67212 |
||
| 999 |
_c140381 _d140381 |
||